Normal view MARC view
  • América Latina

Entry Nombre Geográfico

Number of records used in: 13

001 - NÚMERO DE CONTROL

  • campo de control: 3991

003 - IDENTIFICADOR DE NUMERO DE CONTROL

  • campo de control: MX-MxUPN

005 - FECHA Y HORA DE LA ÜLTIMA TRANSACCIÓN

  • campo de control: 20240214122734.0

008 - DATOS DE LONGITUD FIJA

  • campo de control de longitud fija: 240214n||acnnnbabn | ana |d

035 ## - NÚMERO DE CONTROL

  • Número de control: UPN10000003991

040 ## - FUENTE DE CATALOGACIÓN

  • Agencia de catalogación original: MX-MxUPN
  • Lenguaje de catalogación: spa
  • Agencia de transcripción: MX-MxUPN

151 ## - ENCABEZAMIENTO - NOMBRE GEOGRÁFICO

  • Nombre geográfico: América Latina
  • Subdivisión general : Política social

670 ## - FUENTE EN LA QUE SE LOCALIZARON DATOS

  • Cita de la fuente: LC
  • Información localizada: Latin America - Social policy

902 ## - CATALOGADOR

  • Catalogador: EGP/120104